World Subdivision Outlines (Easy) - Statistics

General Stats
  • This quiz has been taken 239 times
    238 since last reset
  • The average score is 35 of 60
Answer Stats
Picture Hint Answer % Correct
NewFoundLand State (Canada)
90%
Baja California State (Mexico)
89%
Tennessee State (USA)
89%
to reveal the First Letter of the subdivision, type "1" T
87%
to reveal the Country of the subdivision, type "2" Switzerland
86%
Hokkaido Prefecture (Japan)
82%
to reveal the First Letter of the subdivision, type "3" B
81%
Crete (Decentralized Administration of) (Greece)
81%
Crimea Oblast (Ukraine)
79%
to reveal the Country of the subdivision, type "6" Brazil
78%
State of New South Wales (Australia)
77%
to reveal the Country of the subdivision, type "4" Mexico
75%
Tierra Del Fuego Province (Argentina)
74%
Kamtchatka Krai (Russia)
73%
to reveal the First Letter of the subdivision, type "5" R
72%
to reveal the First Letter of the subdivision, type "9" K
70%
to reveal the Country of the subdivision, type "26" Philippines
70%
to reveal the Country of the subdivision, type "40" Sweden
70%
Rio Grande Do Sul State (Brazil)
66%
to reveal the Country of the subdivision, type "20" Spain
66%
to reveal the Country of the subdivision, type "34" Afghanistan
65%
to reveal the First Letter of the subdivision, type "23" N
65%
to reveal the Country of the subdivision, type "24" New Zealand
65%
to reveal the Country of the subdivision, type "8" Canada
64%
to reveal the Country of the subdivision, type "32" France
64%
to reveal the Country of the subdivision, type "12" England
62%
to reveal the First Letter of the subdivision, type "25" I
61%
to reveal the First Letter of the subdivision, type "33" B
60%
to reveal the Country of the subdivision, type "22" Indonesia
60%
to reveal the Country of the subdivision, type "16" South Africa
59%
to reveal the First Letter of the subdivision, type "39" V
59%
Western Cape Province (South Africa)
59%
to reveal the First Letter of the subdivision, type "19" A
57%
Cornwall Metropolitan County (England)
57%
Andalusia Autonomous Community Community (Spain)
56%
to reveal the Country of the subdivision, type "36" Australia
56%
to reveal the First Letter of the subdivision, type "31" B
56%
to reveal the First Letter of the subdivision, type "11" C
53%
Central Sulawesi Province (Indonesia)
53%
to reveal the First Letter of the subdivision, type "15" W
53%
to reveal the First Letter of the subdivision, type "21" C
52%
to reveal the Country of the subdivision, type "38" Greece
49%
to reveal the Country of the subdivision, type "18" Argentina
48%
to reveal the First Letter of the subdivision, type "27" C
48%
to reveal the First Letter of the subdivision, type "35" N
44%
to reveal the First Letter of the subdivision, type "17" T
44%
to reveal the Country of the subdivision, type "28" Ukraine
44%
to reveal the First Letter of the subdivision, type "37" C
43%
to reveal the First Letter of the subdivision, type "7" N
43%
to reveal the Country of the subdivision, type "10" Russia
42%
Britanny Region (France)
38%
to reveal the First Letter of the subdivision, type "29" H
38%
to reveal the Country of the subdivision, type "30" Japan
37%
to reveal the Country of the subdivision, type "14" USA
36%
to reveal the First Letter of the subdivision, type "13" T
35%
Northland Region (New Zealand)
32%
Ticino Canton (Switzerland)
31%
Västra Götaland County (Sweden)
22%
Icolos Regoin (Philippines)
20%
Badakhchan Province (Afghanistan)
12%
No matching quizzes found
Score Distribution
Percent of People with Each Score
Percentile by Number Answered
Your Score History
You have not taken this quiz since the last reset